| 000 | 00433nam a2200181Ia 4500 | ||
|---|---|---|---|
| 005 | 20250425161536.0 | ||
| 008 | 250425s9999 xx 000 0 und d | ||
| 041 | _aeng | ||
| 082 | _a623.865 | ||
| 245 | 0 | _aRECOMMENDATION CONCERNING FIRE SAFETY REQUIRE | |
| 250 | _aS.E. | ||
| 260 |
_aEstados Unidos _bIMCO _c1976 |
||
| 260 | _aS.L. | ||
| 300 | _a130 | ||
| 650 | _aEQUIPOS DE SEGURIDAD MARI | ||
| 942 | _c01 | ||
| 010 | _a22652 | ||
| 999 |
_c211282 _d211282 |
||